Statistics for European cuisine

Click here to take the quiz!

General Stats

  • This quiz has been taken 29 times
  • The average score is 12 of 15

Answer Stats

HintAnswer% Correct
LasagneItaly
100%
WurstGermany
96%
PaellaSpain
96%
Roast beef and yorkshire puddingUnited Kingdom
96%
CassouletFrance
88%
MoussakaGreece
88%
PaprikashHungary
83%
BliniRussia
83%
SachertortAustria
75%
SpeculoosNetherlands
75%
Pastels de nataPortugal
75%
Karellian pastiesFinland
71%
SkyrIceland
71%
MămăligăRomania
67%
KarađorđevaSerbia
58%

Score Distribution

Percentile by Number Answered

Percent of People with Each Score

Your Score History

You have not taken this quiz